| 000 | 00537nam a2200181Ia 4500 | ||
|---|---|---|---|
| 003 | OSt | ||
| 005 | 20191220152939.0 | ||
| 008 | 190216s9999||||xx |||||||||||||| ||und|| | ||
| 020 | _a8187210044 | ||
| 040 | _coclc | ||
| 082 |
_a338.954 _bTAN/E |
||
| 100 |
_aTaneja, M L _9629 |
||
| 245 | 0 |
_aEconomics Of Development And Planning / _c M L Taneja ; R M Myer |
|
| 260 |
_bShobhan Lal Nagin Chand & Co, _c1999. _aDelhi: |
||
| 300 | _a296p | ||
| 650 | _aEconomics | ||
| 942 |
_cBK _2ddc _h338.954 _iTAN/E _k338.954 _mTAN/E |
||
| 999 |
_c10050 _d10050 |
||